[Event "Harald Malmgren 100 years"]
[Site "SSKK"]
[Date "2004.12.31"]
[Round "?"]
[White "Chopin, Philippe"]
[Black "Bergquist, Rune"]
[Result "1-0"]
[WhiteElo "2475"]
[BlackElo "2504"]
[WhiteCountry "FRA"]
[BlackCountry "NOR"]
[WhiteTitle "?"]
[BlackTitle "IM"]

1.e4 c6 2.d4 d5 3.e5 Bf5 4.Nf3 e6 5.Be2 c5
6.Be3 Nd7 7.O-O Ne7 8.c4 dxc4 9.Na3 c3 10.Nb5 Nd5
11.Nxc3 Nxe3 12.fxe3 Be7 13.Qb3 Rb8 14.d5 O-O 15.d6 Bg5
16.Nd1 Bg4 17.Qc3 b5 18.Nf2 Bxf3 19.gxf3 b4 20.Qc1 Nxe5
21.f4 Ng6 22.fxg5 Qxg5+ 23.Kh1 Qd5+ 24.e4 Qxd6 25.Qe3 Qd4
26.Qxd4 cxd4 27.Nd3 Rfc8 28.Rac1 a5 29.Bg4 h6 30.Bh5 Nh8
31.e5 g6 32.Bg4 g5 33.Kg2 Ng6 34.Kf3 Ne7 35.Ke4 Kg7
36.Bh5 Nf5 37.Rxc8 Rxc8 38.Rc1 Rxc1 39.Nxc1 Ne3 40.Be2 Kg6
41.Kxd4 Nd5 42.Bf3 Ne7 43.Nd3 h5 44.Be4+ f5 45.Bb7
1-0

[Event "Harald Malmgren 100 years"]
[Site "SSKK"]
[Date "2004.12.31"]
[Round "?"]
[White "Pugh, John"]
[Black "Rüfenacht, Matthias"]
[Result "1-0"]
[WhiteElo "2522"]
[BlackElo "2471"]
[WhiteCountry "ENG"]
[BlackCountry "SUI"]
[WhiteTitle "SM"]
[BlackTitle "GM"]

1.e4 c6 2.d4 d5 3.exd5 cxd5 4.c4 Nf6 5.Nc3 e6
6.Nf3 Be7 7.cxd5 Nxd5 8.Bc4 O-O 9.O-O Nc6 10.Re1 a6
11.Bb3 Nxc3 12.bxc3 b5 13.Bc2 Bb7 14.h4 Qd5 15.Qd3 g6
16.Bg5 Bxg5 17.hxg5 Na5 18.Re5 Qd6 19.Nd2 Qa3 20.Nb3 Bd5
21.Nc5 Rac8 22.Rae1 Rfd8 23.Qh3 Nc6 24.Rxd5 Rxd5 25.Ne4 Rf5
26.d5 Nd8 27.Bb3 h5 28.g4 hxg4 29.Qxg4 Kf8 30.Kf1 Qb2
31.Qg3 Kg8 32.dxe6 Nxe6 33.Nf6+ Kg7 34.Bxe6 fxe6 35.Rd1 Qxf2+
36.Qxf2 Rxc3 37.Rd7+ Kf8 38.Rd6 Rxf2+ 39.Kxf2 Rc2+ 40.Kf3 Rxa2
41.Rxe6 b4 42.Rb6 a5 43.Nd7+ Kg7 44.Ne5 Ra1 45.Rxg6+ Kf8
46.Rf6+ Kg8 47.Rb6 a4 48.Rb8+ Kg7 49.Rb7+ 1-0

[Event "Harald Malmgren 100 years"]
[Site "SSKK"]
[Date "2004.12.31"]
[Round "?"]
[White "Åhman, Leif"]
[Black "Pugh, John"]
[Result "1/2-1/2"]
[WhiteElo "2492"]
[BlackElo "2522"]
[WhiteCountry "SWE"]
[BlackCountry "ENG"]
[WhiteTitle "IM"]
[BlackTitle "SM"]

1.e4 c5 2.Nf3 d6 3.d4 cxd4 4.Nxd4 Nf6 5.Nc3 a6
6.Bg5 e6 7.f4 Qc7 8.Bxf6 gxf6 9.Qd2 Nc6 10.O-O-O Bd7
11.Kb1 O-O-O 12.Bc4 Kb8 13.Nxc6+ Qxc6 14.Bb3 h5 15.Rhf1 Be7
16.Qd3 Qc5 17.Qh3 Rdg8 18.f5 Rg4 19.g3 Qc8 20.Rf4 Qg8
21.Qf1 Qg7 22.Ne2 Rc8 23.Qf2 Rc5 24.h3 Rg5 25.Rf3 exf5
26.Nc3 Re5 27.h4 fxe4 28.Nxe4 Rgf5 29.Nxd6 Rxf3 30.Qxf3 Bxd6
31.Rxd6 Re1+ 32.Rd1 Rxd1+ 33.Qxd1 Qxg3 34.a4 Be6 35.Bxe6 fxe6
36.Qd8+ Ka7 37.Qd4+ Kb8 38.Qd8+ 1/2-1/2

[Event "Harald Malmgren 100 years"]
[Site "SSKK"]
[Date "2004.12.31"]
[Round "?"]
[White "Koskela, Taisto"]
[Black "Bennborn, Jan"]
[Result "1/2-1/2"]
[WhiteElo "2486"]
[BlackElo "2470"]
[WhiteCountry "FIN"]
[BlackCountry "SWE"]
[WhiteTitle "IM"]
[BlackTitle "IM"]

1.d4 Nf6 2.c4 e6 3.Nf3 d5 4.Nc3 c6 5.e3 Nbd7
6.Bd3 dxc4 7.Bxc4 b5 8.Bd3 Bb7 9.O-O a6 10.e4 c5
11.d5 Qc7 12.dxe6 fxe6 13.Bc2 Bd6 14.Ng5 Nf8 15.f4 O-O-O
16.Qe1 e5 17.Nd5 Bxd5 18.exd5 exf4 19.a4 b4 20.Qe2 c4
21.b3 Nxd5 22.Kh1 Kb8 23.Qxc4 Qxc4 24.bxc4 Ne3 25.Bxe3 fxe3
26.Nf7 Ne6 27.Rfe1 Bc5 28.Nxd8 Rxd8 29.Rad1 Rf8 30.Bxh7 Rf2
31.g3 e2 32.Rb1 Nd4 33.Bd3 Kc7 34.Rb2 b3 35.Rexe2 Nxe2
36.Rxe2 Rf1+ 37.Kg2 Ra1 38.Re5 Bb4 39.Rf5 Bc3 40.Rf7+ Kd6
41.Rb7 b2 42.Rb6+ Kc5 43.Rxa6 b1=Q 44.Bxb1 Rxb1 45.h4 Rb2+
46.Kh3 Kxc4 47.h5 Rb8 48.g4 Kd5 49.Kh4 Ke4 50.h6 Rh8
51.Kh5 Be5 52.Rg6 1/2-1/2

[Event "Harald Malmgren 100 years"]
[Site "SSKK"]
[Date "2004.12.31"]
[Round "?"]
[White "Bergquist, Rune"]
[Black "Hansen, Mads Smith"]
[Result "1-0"]
[WhiteElo "2504"]
[BlackElo "2505"]
[WhiteCountry "NOR"]
[BlackCountry "DEN"]
[WhiteTitle "IM"]
[BlackTitle "IM"]

1.e4 c6 2.d4 d5 3.e5 Bf5 4.Nf3 e6 5.Be2 Nd7
6.O-O h6 7.b3 Ne7 8.c4 Ng6 9.Na3 Nf4 10.Bxf4 Bxa3
11.Bd3 Bg4 12.Rb1 Be7 13.h3 Bh5 14.Qe2 O-O 15.Qe3 Bg6
16.Bxg6 fxg6 17.Qd2 g5 18.Be3 Qe8 19.Qd3 Rxf3 20.gxf3 Qf7
21.Bd2 Nf8 22.Kh1 Ng6 23.f4 gxf4 24.Rg1 Bg5 25.c5 Nh4
26.b4 Rf8 27.b5 Qh5 28.Rg4 cxb5 29.Rxb5 Nf5 30.Kh2 Rf7
31.Rb2 Nh4 32.Rb3 Ng6 33.a4 f3 34.Bxg5 hxg5 35.a5 a6
36.c6 bxc6 37.Qxa6 Rf4 38.Qxc6 1-0

[Event "Harald Malmgren 100 years"]
[Site "SSKK"]
[Date "2004.12.31"]
[Round "?"]
[White "Åhman, Leif"]
[Black "Bennborn, Jan"]
[Result "1-0"]
[WhiteElo "2492"]
[BlackElo "2470"]
[WhiteCountry "SWE"]
[BlackCountry "SWE"]
[WhiteTitle "IM"]
[BlackTitle "IM"]

1.e4 c5 2.Nf3 d6 3.d4 cxd4 4.Nxd4 Nf6 5.Nc3 g6
6.Be3 Bg7 7.f3 O-O 8.Qd2 Nc6 9.O-O-O d5 10.exd5 Nxd5
11.Nxc6 bxc6 12.Bd4 e5 13.Bc5 Be6 14.Ne4 Re8 15.h4 h6
16.g4 Qc7 17.g5 h5 18.Bc4 Rad8 19.Qf2 Rd7 20.Rd2 Rb8
21.Rhd1 Qa5 22.Ba3 Rdd8 23.Bb3 Nf4 24.Qc5 Qc7 25.Bxe6 Nxe6
26.Rxd8+ Rxd8 27.Rxd8+ Qxd8 28.Qxa7 Nd4 29.Nd6 f5 30.Bb4 Kh7
31.a4 Nxf3 32.a5 c5 33.Bxc5 e4 34.Bb4 Ne5 35.Qb7 e3
36.Qb6 Qg8 37.Qxe3 Qa2 38.Bc3 Qa1+ 39.Kd2 Qh1 40.Bxe5 Qd5+
41.Qd4 Qxa5+ 42.b4 Qxe5 43.Qxe5 Bxe5 44.Nc4 Bg3 45.Ke3 Bxh4
46.Kf4 Bf2 47.b5 h4 48.b6 Bg3+ 49.Kf3 Kg7 50.b7 Kf7
51.Na5 Bc7 52.Nc6 1-0

[Event "Harald Malmgren 100 years"]
[Site "SSKK"]
[Date "2004.12.31"]
[Round "?"]
[White "Bergquist, Rune"]
[Black "Benson, Gary S"]
[Result "1-0"]
[WhiteElo "2504"]
[BlackElo "2490"]
[WhiteCountry "NOR"]
[BlackCountry "AUS"]
[WhiteTitle "IM"]
[BlackTitle "IM"]

1.d4 d5 2.c4 e6 3.Nc3 c6 4.Nf3 Nf6 5.Bg5 h6
6.Bh4 dxc4 7.e4 g5 8.Bg3 b5 9.Be2 Bb4 10.Qc2 g4
11.Ne5 Qxd4 12.O-O Bxc3 13.bxc3 Qxe4 14.Qd2 Nbd7 15.f3 Qd5
16.Qf4 Qc5+ 17.Kh1 Qe7 18.fxg4 Nd5 19.Qxf7+ Qxf7 20.Nxf7 Rh7
21.Nd6+ Ke7 22.Ne4 N7b6 23.Rad1 a5 24.Bf2 Na4 25.Bh4+ Ke8
26.Rxd5 exd5 27.Nf6+ Kf7 28.Nxh7+ Kg7 29.Nf6 Nxc3 30.Ne8+ Kg8
31.Be7 Nxe2 32.Rf8+ Kh7 33.Rf7+ Kg8 34.Rg7+ Kh8 35.Bf6 Be6
36.Ra7+ Kg8 37.Rxa8 Kf7 38.Ra7+ Kxe8 39.Re7+ Kf8 40.Rxe6 Kf7
41.Rxc6 d4 42.g5 hxg5 43.Bxg5 c3 44.Rf6+ Kg8 45.Rf5 b4
46.Rxa5 Kf7 47.Re5 d3 48.Rd5 c2 49.Rxd3 1-0

[Event "Harald Malmgren 100 years"]
[Site "SSKK"]
[Date "2004.12.31"]
[Round "?"]
[White "Pálsson, Jón Adólf"]
[Black "Rüfenacht, Matthias"]
[Result "0-1"]
[WhiteElo "2471"]
[BlackElo "2390"]
[WhiteCountry "ISL"]
[BlackCountry "SUI"]
[WhiteTitle "SM"]
[BlackTitle "GM"]

1.d4 d5 2.c4 Nc6 3.Nc3 dxc4 4.Nf3 Nf6 5.e4 Bg4
6.Be3 e6 7.Bxc4 Bb4 8.Qc2 O-O 9.Rd1 Bxf3 10.gxf3 Nh5
11.e5 Ne7 12.O-O c6 13.Qe4 Nd5 14.Qg4 g6 15.Bg5 Be7
16.f4 Ng7 17.Bh6 Nb6 18.Bb3 Re8 19.Ne4 Nf5 20.Bg5 Nd5
21.Rd3 h6 22.Bxe7 Rxe7 23.Rfd1 Rc7 24.Rh3 Kg7 25.a3 b6
0-1

[Event "Harald Malmgren 100 years"]
[Site "SSKK"]
[Date "2004.12.31"]
[Round "?"]
[White "Mrkvicka, Josef"]
[Black "Pálsson, Jón Adólf"]
[Result "1-0"]
[WhiteElo "2506"]
[BlackElo "2471"]
[WhiteCountry "CZE"]
[BlackCountry "ISL"]
[WhiteTitle "SM"]
[BlackTitle "SM"]

1.e4 c6 2.d4 d5 3.exd5 cxd5 4.c4 Nf6 5.Nc3 dxc4
6.Bxc4 e6 7.Nf3 Be7 8.O-O O-O 9.Re1 Nc6 10.a3 a6
11.Ba2 Qc7 12.Bg5 Rd8 13.Rc1 h6 14.Be3 b5 15.Bb1 Bb7
16.Qc2 Rac8 17.Ne4 Nd5 18.b4 Qb8 19.Qd3 Qc7 20.Bd2 Kf8
21.Nc5 Bxc5 22.dxc5 Nf4 23.Qe3 Nh5 24.Bc3 1-0

[Event "Harald Malmgren 100 years"]
[Site "SSKK"]
[Date "2004.12.31"]
[Round "?"]
[White "Pálsson, Jón Adólf"]
[Black "Liebert, Ervin"]
[Result "0-1"]
[WhiteElo "2471"]
[BlackElo "2492"]
[WhiteCountry "ISL"]
[BlackCountry "EST"]
[WhiteTitle "SM"]
[BlackTitle "IM"]

1.d4 e6 2.e4 d5 3.Nd2 c5 4.exd5 exd5 5.Bb5+ Bd7
6.Qe2+ Be7 7.dxc5 Nf6 8.Nb3 O-O 9.Be3 Re8 10.Nf3 a6
11.Bd3 Ba4 12.Nfd4 Nbd7 13.O-O-O Bxb3 14.Nxb3 Nxc5 15.Qf3 Nxd3+
16.Rxd3 a5 17.Nd4 Nd7 18.Qf5 g6 19.Qf4 Nc5 20.Rdd1 Ne4
21.h4 a4 22.a3 Rc8 0-1

[Event "Harald Malmgren 100 years"]
[Site "SSKK"]
[Date "2004.12.31"]
[Round "?"]
[White "Pálsson, Jón Adólf"]
[Black "Olsson, Sture"]
[Result "1/2-1/2"]
[WhiteElo "2471"]
[BlackElo "2461"]
[WhiteCountry "ISL"]
[BlackCountry "SWE"]
[WhiteTitle "SM"]
[BlackTitle "IM"]

1.d4 d5 2.c4 c6 3.Nf3 e6 4.e3 Nf6 5.Nc3 Nbd7
6.Bd3 dxc4 7.Bxc4 b5 8.Bd3 a6 9.e4 c5 10.d5 c4
11.dxe6 fxe6 12.Bc2 Qc7 13.O-O Bb7 14.Ng5 Nc5 15.e5 Qxe5
16.Re1 Qd6 17.Qxd6 Bxd6 18.Be3 O-O 1/2-1/2

[Event "Harald Malmgren 100 years"]
[Site "SSKK"]
[Date "2004.12.31"]
[Round "?"]
[White "Bennborn, Jan"]
[Black "Pálsson, Jón Adólf"]
[Result "1/2-1/2"]
[WhiteElo "2470"]
[BlackElo "2471"]
[WhiteCountry "SWE"]
[BlackCountry "ISL"]
[WhiteTitle "IM"]
[BlackTitle "SM"]

1.d4 Nf6 2.c4 g6 3.Nc3 Bg7 4.e4 d6 5.Nf3 O-O
6.Be2 e5 7.O-O Nc6 8.d5 Ne7 9.Ne1 Nd7 10.Nd3 f5
11.Bd2 Nf6 12.f3 f4 13.c5 g5 14.Rc1 Ng6 15.cxd6 cxd6
16.Nb5 Rf7 17.Qc2 Ne8 18.a4 h5 19.Nf2 Bf8 20.h3 Rg7
21.Qb3 Nh4 22.Rc2 a6 23.Na3 Nf6 24.Be1 g4 25.hxg4 hxg4
26.fxg4 Rb8 27.Nc4 Nh5 28.Qb6 Qxb6 29.Nxb6 Ng3 30.Nxc8 Nxe2+
31.Rxe2 Rxc8 32.b3 f3 33.gxf3 1/2-1/2

[Event "Harald Malmgren 100 years"]
[Site "SSKK"]
[Date "2004.12.31"]
[Round "?"]
[White "Bergquist, Rune"]
[Black "Pálsson, Jón Adólf"]
[Result "1/2-1/2"]
[WhiteElo "2504"]
[BlackElo "2471"]
[WhiteCountry "NOR"]
[BlackCountry "ISL"]
[WhiteTitle "IM"]
[BlackTitle "SM"]

1.e4 c5 2.Nf3 Nc6 3.d4 cxd4 4.Nxd4 g6 5.c4 Bg7
6.Be3 Nf6 7.Nc3 Ng4 8.Qxg4 Nxd4 9.Qd1 Ne6 10.Rc1 d6
11.b4 O-O 12.Be2 b6 13.f4 Nc7 14.O-O Bb7 15.f5 e6
16.Qd2 Be5 1/2-1/2

[Event "Harald Malmgren 100 years"]
[Site "SSKK"]
[Date "2004.12.31"]
[Round "?"]
[White "Pugh, John"]
[Black "Pálsson, Jón Adólf"]
[Result "1/2-1/2"]
[WhiteElo "2522"]
[BlackElo "2471"]
[WhiteCountry "ENG"]
[BlackCountry "ISL"]
[WhiteTitle "SM"]
[BlackTitle "SM"]

1.e4 c5 2.Nf3 d6 3.d4 cxd4 4.Nxd4 Nf6 5.Nc3 a6
6.f3 e5 7.Nb3 Be6 8.Be3 Be7 9.Qd2 Nbd7 10.g4 h6
11.O-O-O b5 12.h4 Nb6 13.Qf2 Nfd7 14.Kb1 Rc8 15.Nd5 Bxd5
16.exd5 Nc4 17.Bc1 a5 18.Nd2 a4 19.f4 exf4 20.Ne4 O-O
21.Bxf4 Nde5 22.g5 f5 23.gxf6 Bxf6 24.Bh3 1/2-1/2

[Event "Harald Malmgren 100 years"]
[Site "SSKK"]
[Date "2004.12.31"]
[Round "?"]
[White "Chopin, Philippe"]
[Black "Pálsson, Jón Adólf"]
[Result "1-0"]
[WhiteElo "2475"]
[BlackElo "2471"]
[WhiteCountry "FRA"]
[BlackCountry "ISL"]
[WhiteTitle "?"]
[BlackTitle "SM"]

1.e4 c5 2.Nf3 d6 3.d4 cxd4 4.Nxd4 Nf6 5.Nc3 a6
6.Be3 e5 7.Nb3 Be6 8.f3 Be7 9.Qd2 Nbd7 10.g4 h6
11.O-O-O b5 12.h4 Nb6 13.Qf2 Nfd7 14.Kb1 Rc8 15.Nd5 Bxd5
16.exd5 Nc4 17.Bc1 Qb6 18.Qe1 Rc7 19.f4 exf4 20.Bxf4 Nde5
21.Nd4 Nxg4 22.Nc6 Rb7 23.Qg3 h5 24.Re1 Nce5 25.Be2 Qf2
26.Bxe5 dxe5 27.Qh3 Qf5 28.Nxe5 O-O 29.Bxg4 hxg4 30.Qg2 Bd6
31.Nxg4 Kh8 32.h5 Rc7 33.h6 g6 34.Rhf1 Qg5 35.Qf3
1-0

[Event "Harald Malmgren 100 years"]
[Site "SSKK"]
[Date "2004.12.31"]
[Round "?"]
[White "Benson, Gary S"]
[Black "Pálsson, Jón Adólf"]
[Result "1/2-1/2"]
[WhiteElo "2490"]
[BlackElo "2471"]
[WhiteCountry "AUS"]
[BlackCountry "ISL"]
[WhiteTitle "IM"]
[BlackTitle "SM"]

1.e4 c6 2.d4 d5 3.e5 Bf5 4.Nf3 e6 5.Be2 c5
6.c3 Nd7 7.O-O cxd4 8.cxd4 Ne7 9.a3 Nc6 10.Bg5 Be7
11.Bxe7 Qxe7 12.Qb3 O-O 13.Nbd2 f6 14.exf6 Qxf6 15.Qxb7 Nxd4
16.Nxd4 Qxd4 17.Nf3 Qe4 18.Qxd7 Qxe2 19.Nd4 Qxb2 20.Nxf5 exf5
21.Qxd5+ Kh8 22.Qf3 Rac8 23.Rfd1 h6 24.Rab1 Qe5 25.h3 Rc3
26.Qb7 Qc7 27.Qd5 1/2-1/2

[Event "Harald Malmgren 100 years"]
[Site "SSKK"]
[Date "2004.12.31"]
[Round "?"]
[White "Pálsson, Jón Adólf"]
[Black "Hansen, Mads Smith"]
[Result "1/2-1/2"]
[WhiteElo "2471"]
[BlackElo "2505"]
[WhiteCountry "ISL"]
[BlackCountry "DEN"]
[WhiteTitle "SM"]
[BlackTitle "IM"]

1.d4 Nf6 2.c4 c5 3.d5 b5 4.cxb5 a6 5.b6 d6
6.Nc3 g6 7.e4 Bg7 8.Qb3 Bb7 9.a4 a5 10.Bb5+ Nfd7
11.h4 Na6 12.h5 Nb4 13.hxg6 hxg6 14.Rxh8+ Bxh8 15.Na2 Ba6
16.Nxb4 Bxb5 17.Qh3 Bf6 18.b7 Rb8 19.Qh7 Ne5 20.axb5 cxb4
21.b6 Nc4 22.Nf3 Rxb7 23.Ng5 1/2-1/2

[Event "Harald Malmgren 100 years"]
[Site "SSKK"]
[Date "2004.12.31"]
[Round "?"]
[White "Benson, Gary S"]
[Black "Åhman, Leif"]
[Result "1/2-1/2"]
[WhiteElo "2490"]
[BlackElo "2492"]
[WhiteCountry "AUS"]
[BlackCountry "SWE"]
[WhiteTitle "IM"]
[BlackTitle "IM"]

1.e4 c5 2.Nf3 d6 3.d4 cxd4 4.Nxd4 Nf6 5.Nc3 a6
6.Bg5 e6 7.f4 Be7 8.Qf3 Qc7 9.O-O-O Nbd7 10.g4 b5
11.Bxf6 Nxf6 12.g5 Nd7 13.f5 Nc5 14.f6 gxf6 15.gxf6 Bf8
16.Rg1 b4 17.Nd5 exd5 18.exd5 Nd7 19.Nc6 Bb7 20.Bh3 Ne5
21.Rge1 Rg8 22.Qf4 Bxc6 23.dxc6 Rg6 24.Kb1 Bh6 25.Qxb4 Rxf6
26.Bd7+ Kd8 27.Qh4 Ke7 28.c4 Bg7 29.c5 Kf8 30.cxd6 Qa5
31.Rxe5 Qxe5 32.c7 Kg8 33.Qc4 Rxd6 34.c8=Q+ Rxc8 35.Qxc8+ Bf8
36.Rxd6 Qxd6 37.a3 Qxh2 38.Qxa6 Qh1+ 39.Kc2 Qg2+ 40.Kc1 h5
41.Qc8 Qf1+ 42.Kc2 Qe2+ 43.Kb3 Qd1+ 44.Ka2 Qd5+ 45.Kb1 Qd3+
46.Ka2 Kg7 47.Qc3+ Qxc3 48.bxc3 Bc5 1/2-1/2

[Event "Harald Malmgren 100 years"]
[Site "SSKK"]
[Date "2004.12.31"]
[Round "?"]
[White "Rüfenacht, Matthias"]
[Black "Koskela, Taisto"]
[Result "1/2-1/2"]
[WhiteElo "2390"]
[BlackElo "2486"]
[WhiteCountry "SUI"]
[BlackCountry "FIN"]
[WhiteTitle "GM"]
[BlackTitle "IM"]

1.e4 c5 2.Nf3 d6 3.d4 cxd4 4.Nxd4 Nf6 5.Nc3 a6
6.f4 e5 7.Nf3 Nbd7 8.a4 Be7 9.Bc4 exf4 10.Bxf4 Ne5
11.Nxe5 dxe5 12.Qxd8+ Bxd8 13.Bxe5 O-O 14.Bd4 Be6 15.Be2 Re8
16.O-O-O Ng4 17.h3 Bg5+ 18.Kb1 Ne3 19.Rd3 Nc4 20.b3 Na5
21.Bb6 Nc6 22.Nd5 Bd8 23.Bxd8 Raxd8 24.Rhd1 Kf8 25.Nc7 Rxd3
26.Bxd3 Re7 27.Nd5 Re8 28.Kb2 h5 29.b4 Bxd5 30.exd5 Nxb4
31.Bc4 Re4 32.Kc3 Nxc2 33.Bd3 Ne3 34.Bxe4 Nxd1+ 35.Kd4 Ke7
36.a5 Kd6 37.Bf3 Nb2 38.Bxh5 f6 39.Be8 Ke7 40.Bg6 Na4
41.Bc2 b5 42.axb6 Nxb6 1/2-1/2

[Event "Harald Malmgren 100 years"]
[Site "SSKK"]
[Date "2004.12.31"]
[Round "?"]
[White "Rüfenacht, Matthias"]
[Black "Åhman, Leif"]
[Result "1/2-1/2"]
[WhiteElo "2390"]
[BlackElo "2492"]
[WhiteCountry "SUI"]
[BlackCountry "SWE"]
[WhiteTitle "GM"]
[BlackTitle "IM"]

1.e4 c6 2.d4 d5 3.Nc3 dxe4 4.Nxe4 Bf5 5.Ng3 Bg6
6.Nf3 Nd7 7.h4 h6 8.h5 Bh7 9.Bd3 Bxd3 10.Qxd3 e6
11.Bd2 Ngf6 12.O-O-O Be7 13.Ne4 Nxe4 14.Qxe4 Nf6 15.Qe2 Qd5
16.c4 Qe4 17.Be3 b5 18.Ne5 bxc4 19.f3 Qd5 20.Qxc4 O-O
21.Qxd5 Nxd5 22.Bd2 Rfc8 23.Kb1 c5 24.dxc5 Rxc5 25.Rc1 Rb5
26.Rc2 Bb4 27.Nc6 Bxd2 28.Rxd2 a6 29.Rc1 Kf8 30.g4 Rc8
31.Rd4 Rb7 32.a3 Rbc7 33.Rdc4 g6 34.hxg6 fxg6 35.b3 h5
36.Ne5 Kg7 37.g5 Rxc4 38.bxc4 Nf4 39.c5 h4 40.c6 h3
41.Kc2 Ne2 42.Rh1 Nd4+ 43.Kd3 Nxc6 44.Nxc6 Rxc6 45.Rxh3 Rc5
46.f4 e5 47.fxe5 Rxe5 1/2-1/2

[Event "Harald Malmgren 100 years"]
[Site "SSKK"]
[Date "2004.12.31"]
[Round "?"]
[White "Pálsson, Jón Adólf"]
[Black "Koskela, Taisto"]
[Result "1/2-1/2"]
[WhiteElo "2471"]
[BlackElo "2486"]
[WhiteCountry "ISL"]
[BlackCountry "FIN"]
[WhiteTitle "SM"]
[BlackTitle "IM"]

1.d4 Nf6 2.c4 e6 3.Nf3 b6 4.g3 Ba6 5.b3 Bb4+
6.Bd2 Be7 7.Bg2 c6 8.Bc3 d5 9.Nbd2 Nbd7 10.O-O O-O
11.Re1 c5 12.e4 dxe4 13.Ng5 cxd4 14.Bxd4 Qc7 15.Qe2 e5
16.Bc3 Bb7 17.Ngxe4 Nxe4 18.Bxe4 Bxe4 19.Qxe4 Rad8 20.Rad1 f6
21.Nf1 Nc5 22.Qf5 Rxd1 23.Rxd1 Rd8 24.Rxd8+ Qxd8 1/2-1/2

[Event "Harald Malmgren 100 years"]
[Site "SSKK"]
[Date "2004.12.31"]
[Round "?"]
[White "Pálsson, Jón Adólf"]
[Black "Åhman, Leif"]
[Result "1/2-1/2"]
[WhiteElo "2471"]
[BlackElo "2492"]
[WhiteCountry "ISL"]
[BlackCountry "SWE"]
[WhiteTitle "SM"]
[BlackTitle "IM"]

1.d4 Nf6 2.c4 e6 3.Nf3 b6 4.g3 Ba6 5.b3 Bb4+
6.Bd2 Be7 7.Bg2 c6 8.O-O d5 9.Ne5 Nfd7 10.Nxd7 Nxd7
11.Bc3 O-O 12.Nd2 Rc8 13.e4 b5 14.Re1 bxc4 15.bxc4 dxc4
16.Qa4 Bb5 17.Qc2 Re8 18.a4 Ba6 19.Rad1 Bf8 20.Nf1 Qc7
21.Ne3 e5 22.Bf1 exd4 1/2-1/2

[Event "Harald Malmgren 100 years"]
[Site "SSKK"]
[Date "2004.12.31"]
[Round "?"]
[White "Benson, Gary S"]
[Black "Rüfenacht, Matthias"]
[Result "1/2-1/2"]
[WhiteElo "2490"]
[BlackElo "2390"]
[WhiteCountry "AUS"]
[BlackCountry "SUI"]
[WhiteTitle "IM"]
[BlackTitle "GM"]

1.e4 c6 2.d4 d5 3.e5 Bf5 4.Nf3 e6 5.Be2 c5
6.c3 Nd7 7.O-O Ne7 8.dxc5 Nxc5 9.Be3 Nc6 10.Nd4 Bg6
11.f4 Ne4 12.Nb3 Be7 13.N1d2 Nxd2 14.Qxd2 O-O 15.Bd3 Na5
16.Nxa5 Qxa5 17.f5 Bxf5 18.Bxf5 exf5 19.Rxf5 Bc5 20.b4 Bxe3+
21.Qxe3 Qa6 22.Raf1 Qxa2 23.Qf3 d4 24.cxd4 Rad8 25.Rf4 Qc4
26.Qf2 Rd7 27.b5 a5 28.bxa6 bxa6 29.h3 a5 30.Rg4 a4
31.Ra1 Ra8 32.Qf3 Qd5 33.Qe3 Kh8 34.Qc1 Rda7 35.Ra3 Ra6
36.Qc7 R6a7 37.Qc2 Qe6 38.Kh2 Kg8 39.Qf2 Kh8 40.Rf4 Kg8
41.Qg3 Kh8 42.Qh4 Ra5 43.Rf2 R5a7 44.Qf4 Rd8 45.Qc1 Qd7
46.Rf4 Raa8 47.Raf3 Rf8 48.Qc4 Kg8 49.Ra3 1/2-1/2

[Event "Harald Malmgren 100 years"]
[Site "SSKK"]
[Date "2004.12.31"]
[Round "?"]
[White "Bennborn, Jan"]
[Black "Pugh, John"]
[Result "1-0"]
[WhiteElo "2470"]
[BlackElo "2522"]
[WhiteCountry "SWE"]
[BlackCountry "ENG"]
[WhiteTitle "IM"]
[BlackTitle "SM"]

1.d4 Nf6 2.c4 g6 3.Nc3 Bg7 4.e4 d6 5.Nf3 O-O
6.Be2 e5 7.O-O Nc6 8.d5 Ne7 9.Ne1 Nd7 10.Nd3 f5
11.Bd2 Nf6 12.f3 f4 13.c5 g5 14.Rc1 Ng6 15.cxd6 cxd6
16.Nb5 Rf7 17.Qc2 Ne8 18.a4 h5 19.Nf2 Bd7 20.Qb3 Bf8
21.Rc2 a6 22.Na3 Rg7 23.h3 Nf6 24.Rfc1 b6 25.Be1 g4
26.fxg4 Nh4 27.Rc7 Rb8 28.Ra7 hxg4 29.Bxg4 b5 30.axb5 Nxg4
31.Nxg4 axb5 32.Bf2 Bxg4 33.Rxg7+ Bxg7 34.hxg4 Ng6 35.Qh3 Rc8
36.Rc6 Ne7 37.Bb6 Qd7 38.Rxc8+ Qxc8 39.Qc3 b4 40.Qxc8+ Nxc8
41.Nc4 Nxb6 42.Nxb6 Kf7 43.Nc8 Bf8 44.b3 1-0

[Event "Harald Malmgren 100 years"]
[Site "SSKK"]
[Date "2004.12.31"]
[Round "?"]
[White "Koskela, Taisto"]
[Black "Åhman, Leif"]
[Result "1/2-1/2"]
[WhiteElo "2486"]
[BlackElo "2492"]
[WhiteCountry "FIN"]
[BlackCountry "SWE"]
[WhiteTitle "IM"]
[BlackTitle "IM"]

1.d4 Nf6 2.c4 e6 3.Nc3 Bb4 4.Qc2 O-O 5.a3 Bxc3+
6.Qxc3 b6 7.Bg5 Bb7 8.f3 h6 9.Bh4 d5 10.e3 Nbd7
11.cxd5 Nxd5 12.Bxd8 Nxc3 13.Bh4 Nd5 14.Bf2 c5 15.e4 Ne7
16.Bb5 Bc6 17.Bxc6 Nxc6 18.Ne2 cxd4 19.Nxd4 Nxd4 20.Bxd4 Rac8
21.O-O Nc5 22.Rad1 Rfd8 23.Kf2 Nb3 24.Bc3 f6 25.e5 fxe5
26.Bxe5 Rc2+ 27.Kg3 Rd5 28.Rxd5 exd5 29.Rd1 d4 30.Bxd4 Nxd4
31.Rxd4 Rxb2 32.Rd7 1/2-1/2

[Event "Harald Malmgren 100 years"]
[Site "SSKK"]
[Date "2004.12.31"]
[Round "?"]
[White "Pugh, John"]
[Black "Hansen, Mads Smith"]
[Result "1-0"]
[WhiteElo "2522"]
[BlackElo "2505"]
[WhiteCountry "ENG"]
[BlackCountry "DEN"]
[WhiteTitle "SM"]
[BlackTitle "IM"]

1.e4 c6 2.d4 d5 3.exd5 cxd5 4.c4 Nf6 5.Nc3 g6
6.Qb3 Bg7 7.cxd5 O-O 8.Be2 Na6 9.Bf3 Qb6 10.Qxb6 axb6
11.Nge2 Nb4 12.O-O Rd8 13.d6 Rxd6 14.Bf4 Rd7 15.Rfd1 Nfd5
16.Bg3 Nxc3 17.bxc3 Nc6 18.Nf4 Ra5 19.Nd3 Ra3 20.Rdc1 Bh6
21.Rc2 Rd8 22.Bc7 Bf5 23.Bxd8 Bxd3 24.Bxc6 Bxc2 25.Bxe7 Rxc3
26.Bb5 Be4 27.a4 Bc6 28.Kf1 f5 29.Bd8 Bxb5+ 30.axb5 Rb3
31.Ra8 Rxb5 32.Rb8 Bg7 33.Ke2 Kf7 34.Rxb7+ Kg8 35.Kd3 Rd5
36.Bxb6 Rb5 37.g3 g5 38.Kc4 Rb2 39.d5 Be5 40.Kc5 Rxf2
41.d6 f4 42.Kd5 Re2 43.Re7 1-0

[Event "Harald Malmgren 100 years"]
[Site "SSKK"]
[Date "2004.12.31"]
[Round "?"]
[White "Benson, Gary S"]
[Black "Hansen, Mads Smith"]
[Result "1-0"]
[WhiteElo "2490"]
[BlackElo "2505"]
[WhiteCountry "AUS"]
[BlackCountry "DEN"]
[WhiteTitle "IM"]
[BlackTitle "IM"]

1.e4 c6 2.d4 d5 3.e5 Bf5 4.Nf3 e6 5.Be2 Nd7
6.O-O h6 7.c3 Ne7 8.Nbd2 Bh7 9.b4 a5 10.Nb3 axb4
11.cxb4 Nf5 12.Bd2 Be7 13.a4 O-O 14.a5 g5 15.Bc3 Qc7
16.Nc5 Rad8 17.h3 b6 18.Nxd7 Rxd7 19.Qd2 Rb8 20.Bd3 Bg6
21.b5 bxa5 22.Bxa5 Qb7 23.bxc6 Qxc6 24.Rfc1 Qb7 25.Qe2 Bf8
26.Qd1 Ne7 27.Bb4 Qxb4 28.Rab1 Qxb1 29.Rxb1 Rxb1 30.Bxb1 Bxb1
31.Qxb1 Rc7 32.Nh2 Rc4 33.Ng4 Bg7 34.g3 Ng6 35.Qb2 Ra4
36.Kf1 Rc4 37.Ke1 Ra4 38.Ke2 Rc4 39.Ne3 Ra4 40.Kd3 Bf8
41.Ng4 Bg7 42.Qb8+ Nf8 43.Ne3 Ra3+ 44.Kd2 Ra2+ 45.Nc2 Kh7
46.f4 gxf4 47.gxf4 f6 48.exf6 Bxf6 49.Qxf8 1-0

[Event "Harald Malmgren 100 years"]
[Site "SSKK"]
[Date "2004.12.31"]
[Round "?"]
[White "Mrkvicka, Josef"]
[Black "Benson, Gary S"]
[Result "1/2-1/2"]
[WhiteElo "2506"]
[BlackElo "2490"]
[WhiteCountry "CZE"]
[BlackCountry "AUS"]
[WhiteTitle "SM"]
[BlackTitle "IM"]

1.e4 c5 2.Nf3 d6 3.d4 cxd4 4.Nxd4 Nf6 5.Nc3 a6
6.Be3 e5 7.Nb3 Be6 8.f3 Be7 9.Qd2 O-O 10.O-O-O Nbd7
11.g4 b5 12.g5 b4 13.Ne2 Ne8 14.f4 a5 15.Kb1 a4
16.Nbc1 exf4 17.Nxf4 Bxg5 18.Nxe6 Bxe3 19.Nxd8 Bxd2 20.Rxd2 Rxd8
21.Rd4 Rb8 22.Nd3 Ne5 23.Rxb4 Rxb4 24.Nxb4 Nf6 25.Bg2 Neg4
26.b3 Re8 27.Bf3 axb3 28.cxb3 Nf2 29.Rc1 N6xe4 30.Kb2 Nc5
31.Rc2 Nfd3+ 32.Kc3 Ne5 33.Bg2 f5 34.Nc6 Nxc6 35.Bxc6 Rc8
36.Bd5+ Kf8 37.Kd2 Rb8 38.Kc3 Na6 39.Kd4 Rb4+ 40.Bc4 Nc7
41.Re2 Rb8 42.a3 g5 43.b4 h6 44.Rb2 Ke7 45.a4 d5
46.Bd3 Kd6 47.Bxf5 Rf8 48.Bd3 Ne6+ 49.Ke3 d4+ 50.Kd2 Rf3
51.Bc4 Nd8 52.Bb5 Nf7 53.a5 Ne5 54.Rc2 g4 55.Rc8
1/2-1/2

[Event "Harald Malmgren 100 years"]
[Site "SSKK"]
[Date "2004.12.31"]
[Round "?"]
[White "Koskela, Taisto"]
[Black "Mrkvicka, Josef"]
[Result "1/2-1/2"]
[WhiteElo "2486"]
[BlackElo "2506"]
[WhiteCountry "FIN"]
[BlackCountry "CZE"]
[WhiteTitle "IM"]
[BlackTitle "SM"]

1.d4 Nf6 2.c4 e6 3.Nf3 b6 4.a3 Bb7 5.Nc3 d5
6.cxd5 Nxd5 7.Qc2 Nxc3 8.bxc3 Be7 9.e4 O-O 10.Bd3 c5
11.O-O Qc8 12.Qe2 Ba6 13.Bf4 Bxd3 14.Qxd3 Nd7 15.a4 Rd8
16.Rfe1 cxd4 17.cxd4 Qb7 18.Rab1 a6 19.Re2 Rac8 20.h3 Nc5
21.Qc2 Nd7 22.Qb3 Qc6 23.Rc1 Qb7 24.Rec2 h6 25.Bc7 Rf8
26.Nd2 Rfe8 27.Bg3 Rxc2 28.Qxc2 Bg5 29.f4 Be7 30.Qc6 Rb8
31.Nb3 Ba3 32.Qxb7 Rxb7 33.Rc8+ Kh7 34.Kf2 a5 35.Ke3 b5
36.Nxa5 Ra7 37.Be1 bxa4 38.Rc4 Nb6 39.Rc6 1/2-1/2